000 01110nam a2200277Ia 4500
003 OSt
005 20221005110634.0
006 a|||||r|||| 00| 0
007 ta
008 221004b |||||||| |||| 00| 0 hin d
020 _a818812219X (hbk)
_c140
024 _a5508
037 _b38237, 19/07/2013, Segment Book Distributors
_cTextual
040 _aCRL
_cCRL
_bhin
041 _2hin
_ahin
082 _aO152,1(Delta):g(Y), P9
100 _aसिंह, गोपेश्वर
245 0 _aभक्ति आंदोलन के सामाजिक आधार
246 _aBhakti āandolan ke sāmājik ādhāra
260 _aनई दिल्ली
_bभारतीय प्रकाशन संस्थान भारत
_c2009
300 _a143पृ0
_ccm.
490 _aथ्ल्न्च् क्ब्.1 भ्प्छ
650 _aहिन्दी साहित्य
942 _hO152,1(Delta):g(Y), P9
_cTEXL
_2cc
999 _c1019426
_d1019426